| 000 | 00725nam a2200241Ia 4500 | ||
|---|---|---|---|
| 001 | 2385 | ||
| 003 | GE_BSU | ||
| 008 | 181216s||||||||xx |||||||||||||| ||und|| | ||
| 020 | _a9994001760 | ||
| 040 | _cGE_BSU | ||
| 080 | _a612.014(075.8) | ||
| 245 | _aადამიანის ფიზიოლოგია | ||
| 245 | _bსახელმძღვ. | ||
| 245 | _cრედ. ირინე კვაჭაძე: არჩილ ასათიანი | ||
| 250 | _a1 გამოც. | ||
| 260 | _aთბილისი | ||
| 260 | _bზეკარი | ||
| 260 | _c2006 | ||
| 300 | _a584გვ. | ||
| 541 | _h30ლ. | ||
| 653 | _aადამიანის ფიზიოლოგია | ||
| 942 | _cBK | ||
| 999 |
_c36470 _d36470 |
||